000 00929nam a2200265 i 4500
001 bg
100 1 _aKOSTURKIEWICZ, Zofia
245 1 0 _aMetody krystalografii /
_cZofia Kosturkiewicz ; Uniwersytet im. Adama Mickiewicza w Poznaniu.
250 _aWyd. 2 popr.
260 _aPoznań :
_bWydaw. Naukowe UAM,
_c2004.
300 _a203 s., [4] k. tabl. złoż. :
_brys., tab., wykr., err. ;
_c24 cm.
504 _aBibliogr. s. 199. Indeks.
521 _aPodręcznik dla studentów chemii, geologii, fizyki i biotechnologii.
650 9 _aKrystalografia
_xmetody
655 _aPodręczniki akademickie
710 0 _aUniwersytet im. Adama Mickiewicza (Poznań)
020 _a832321381X
040 _cBPK
041 0 _apol
080 _a548(075.8)
920 _a83-232-1381-X
942 _cKS
008 s pl f |000 0 pol
999 _c45156
_d45156
856 _uhttp://koha.tu.koszalin.pl/cgi-bin/koha/opac-detail.pl?biblionumber=45156
_yKatalog online BPK